[Event "EU-ch Blitz (Women)"]
[Site "Monaco"]
[Date "2024.01.12"]
[Round "1"]
[White "Zapata, Karen"]
[Black "Salimova, Nurgyul"]
[Result "0-1"]
[WhiteElo "2025"]
[BlackElo "2426"]
[PlyCount "83"]
[EventDate "2024.01.12"]
[EventType "swiss (blitz)"]
[EventRounds "13"]
[EventCountry "MNC"]
[SourceTitle "CB03_2024"]
[SourceDate "2024.01.17"]
[SourceVersion "1"]
[SourceVersionDate "2024.01.17"]
[SourceQuality "1"]

1. e4 c6 2. d4 d5 3. e5 Bf5 4. Bd3 Bxd3 5. Qxd3 e6 6. Nf3 Qa5+ 7. c3 Qa6 8. Qxa6 Nxa6 9. b4 Ne7 10. Nbd2 Nc7 11. Nb3 Nc8 12. a4 Nb6 13. Na5 Rb8 14. Ke2 Be7 15. Bd2 Nc4 16. Nxc4 dxc4 17. Ng5 Bxg5 18. Bxg5 Nd5 19. Bd2 Kd7 20. b5 a6 21. Rhb1 axb5 22. axb5 Ra8 23. bxc6+ Kxc6 24. f4 b5 25. g4 g6 26. Kf3 Ra4 27. Rxa4 bxa4 28. Ra1 Ra8 29. Ra3 f5 30. exf6 Nxf6 31. Bc1 h5 32. h3 hxg4+ 33. hxg4 Nd5 34. Ke4 Nc7 35. Bd2 Nb5 36. Ra1 Ra5 37. Ra2 Nd6+ 38. Kf3 a3 39. Ke3 Kd5 40. Kf3 Nb5 41. Be1 Ra8 42. Bh4 0-1

[Event "Callao op"]
[Site "Callao"]
[Date "2007.08.10"]
[Round "3"]
[White "Rodriguez Vila, Andres"]
[Black "Zapata, Karen"]
[Result "1-0"]
[WhiteElo "2547"]
[BlackElo "1885"]
[PlyCount "52"]
[EventDate "2007.08.08"]
[EventType "swiss"]
[EventRounds "9"]
[EventCountry "PER"]
[SourceTitle "CBM 119 Extra"]
[Source "ChessBase"]
[SourceDate "2007.09.04"]
[SourceVersion "1"]
[SourceVersionDate "2007.09.04"]
[SourceQuality "1"]

1. e4 c5 2. Nc3 Nc6 3. Nge2 g6 4. d4 cxd4 5. Nxd4 Bg7 6. Nb3 d6 7. Bd3 Nf6 8. 0-0 0-0 9. f4 a6 10. Qf3 Bd7 11. h3 b5 12. Be3 Nb4 13. g4 Bc6 14. g5 Nd7 15. h4 Nxd3 16. cxd3 b4 17. Ne2 Rc8 18. h5 Nc5 19. Rad1 Nxb3 20. axb3 Qd7 21. Nd4 f5 22. gxf6 Rxf6 23. Rd2 e5 24. Nxc6 Rxc6 25. f5 gxf5 26. exf5 h6 1-0

[Event "Olympiad Women-37"]
[Site "Turin"]
[Date "2006.06.03"]
[Round "12"]
[White "Zapata, Karen"]
[Black "Munguntuul, Batkhuyag"]
[Result "0-1"]
[WhiteElo "2236"]
[BlackElo "2261"]
[PlyCount "118"]
[EventDate "2006.05.21"]
[EventType "team-swiss"]
[EventRounds "13"]
[EventCountry "ITA"]
[SourceTitle "CBM 112 Extra"]
[Source "ChessBase"]
[SourceDate "2006.07.14"]
[SourceVersion "1"]
[SourceVersionDate "2006.07.14"]
[SourceQuality "1"]
[WhiteTeam "Peru (W)"]
[BlackTeam "Mongolia (W)"]
[WhiteTeamCountry "PER"]
[BlackTeamCountry "MGL"]

1. e4 c5 2. Nc3 Nc6 3. Bb5 g6 4. Nf3 Bg7 5. Bxc6 bxc6 6. d3 d6 7. 0-0 e5 8. Be3 Nf6 9. h3 0-0 10. Qd2 Re8 11. Nh2 Rb8 12. b3 Be6 13. Na4 Nd7 14. Rad1 Qe7 15. Qa5 Nb6 16. Nb2 f5 17. f3 f4 18. Bf2 Bf6 19. Nc4 h5 20. Rfe1 Kh8 21. Kf1 Qd7 22. Ke2 Bf7 23. Na3 Na8 24. Rh1 Nc7 25. c4 Ne6 26. Nc2 Rb7 27. Nf1 Rf8 28. Rb1 Bg8 29. Nd2 Rfb8 30. h4 Qc8 31. Rbg1 Rb6 32. Qc3 Qd7 33. g4 fxg3 34. Be3 Bg7 35. Rxg3 Nf4+ 36. Kd1 Bf7 37. Nf1 Ra6 38. a3 Rab6 39. b4 R6b7 40. Kd2 cxb4 41. axb4 d5 42. cxd5 cxd5 43. Bc5 a5 44. Qa3 Bh6 45. Rg5 Ne6 46. Qxa5 Nxg5 47. hxg5 Bxg5+ 48. Ke2 dxe4 49. fxe4 Qg4+ 50. Ke1 Qf3 51. Rg1 Bh4+ 52. Kd2 Rd7 53. Be3 Qxe4 54. d4 Rc8 55. Qa4 exd4 56. Bh6 Rdc7 57. Nfe3 dxe3+ 58. Nxe3 Rd8+ 59. Ke2 Bc4# 0-1

[Event "Olympiad Women-37"]
[Site "Turin"]
[Date "2006.05.28"]
[Round "7"]
[White "Zapata, Karen"]
[Black "Boric, Elena"]
[Result "0-1"]
[WhiteElo "2236"]
[BlackElo "2284"]
[PlyCount "150"]
[EventDate "2006.05.21"]
[EventType "team-swiss"]
[EventRounds "13"]
[EventCountry "ITA"]
[SourceTitle "CBM 112 Extra"]
[Source "ChessBase"]
[SourceDate "2006.07.14"]
[SourceVersion "1"]
[SourceVersionDate "2006.07.14"]
[SourceQuality "1"]
[WhiteTeam "Peru (W)"]
[BlackTeam "Bosnia&Hercegovina (W)"]
[WhiteTeamCountry "PER"]
[BlackTeamCountry "BIH"]

1. e4 d5 2. exd5 Qxd5 3. Nc3 Qd6 4. d4 Nf6 5. Bg5 a6 6. g3 Nc6 7. d5 Qe5+ 8. Qe2 Qxe2+ 9. Bxe2 Nd4 10. 0-0-0 Nxe2+ 11. Ngxe2 Bg4 12. Rd4 Bf3 13. Re1 0-0-0 14. Ng1 Bh5 15. h4 h6 16. Bf4 Rd7 17. Rc4 b5 18. Rc6 Kb7 19. Rc5 b4 20. Na4 Nxd5 21. Bxc7 e6 22. Ba5 Be7 23. f3 g5 24. g4 Bg6 25. h5 Bh7 26. Ne2 Rc8 27. Rxc8 Kxc8 28. c4 bxc3 29. Nexc3 Kb7 30. Nxd5 Rxd5 31. Bc3 Bd6 32. b4 Kc6 33. Nc5 a5 34. a3 axb4 35. axb4 Bxc5 36. bxc5 Rxc5 37. Kb2 Rb5+ 38. Ka2 Bg8 39. Bf6 Rb7 40. Rc1+ Kd5 41. Rc8 Bh7 42. Rh8 Bb1+ 43. Ka3 Kc4 44. Rc8+ Kd3 45. Bg7 Ke2 46. Rc3 Bd3 47. Bxh6 Kxf3 48. Bxg5 Kxg4 49. Bf6 Bf5 50. h6 Kh5 51. Bg7 Bh7 52. Rg3 f5 53. Ka4 f4 54. Rg1 f3 55. Rg3 Rf7 56. Bd4 f2 57. Bxf2 Rxf2 58. Rh3+ Kg6 59. Kb4 Rf5 60. Kc4 Rh5 61. Rf3 Rxh6 62. Kc5 Kg5 63. Kd6 Bf5 64. Ke5 Rh1 65. Rg3+ Bg4 66. Re3 Ra1 67. Rb3 Re1+ 68. Kd4 Kf4 69. Rb8 e5+ 70. Kd5 Rd1+ 71. Kc4 e4 72. Kc3 e3 73. Rf8+ Bf5 74. Re8 Rd5 75. Re7 Re5 0-1

[Event "Olympiad Women-37"]
[Site "Turin"]
[Date "2006.05.27"]
[Round "6"]
[White "Koskoska, Gabriela"]
[Black "Zapata, Karen"]
[Result "1-0"]
[WhiteElo "2220"]
[BlackElo "2236"]
[PlyCount "85"]
[EventDate "2006.05.21"]
[EventType "team-swiss"]
[EventRounds "13"]
[EventCountry "ITA"]
[SourceTitle "CBM 112 Extra"]
[Source "ChessBase"]
[SourceDate "2006.07.14"]
[SourceVersion "1"]
[SourceVersionDate "2006.07.14"]
[SourceQuality "1"]
[WhiteTeam "Macedonia (W)"]
[BlackTeam "Peru (W)"]
[WhiteTeamCountry "MKD"]
[BlackTeamCountry "PER"]

1. e4 d6 2. d4 g6 3. Nf3 Bg7 4. Nc3 c6 5. Be2 Nd7 6. 0-0 Qc7 7. a4 a5 8. Be3 Ngf6 9. Nd2 0-0 10. f4 Rd8 11. Qe1 e5 12. dxe5 dxe5 13. Nc4 Re8 14. Qh4 h6 15. Rad1 Rb8 16. f5 g5 17. Qg3 Nh7 18. h4 f6 19. Nd6 Re7 20. Bc4+ Kf8 21. Qg4 Nb6 22. Bb3 Bd7 23. Bc5 Nc8 24. Qh5 Nxd6 25. Bxd6 Qb6+ 26. Kh2 Be8 27. Qe2 Bf7 28. Bxb8 Bxb3 29. cxb3 Kg8 30. Qc4+ Kh8 31. Bd6 Re8 32. Qf7 Rg8 33. Bc7 Qc5 34. Rf3 gxh4 35. Rfd3 Ng5 36. Qh5 Qf2 37. Rd8 Qg3+ 38. Kh1 Bf8 39. Rxf8 Rxf8 40. Ne2 Qxb3 41. Qxh6+ Nh7 42. Rd7 Qg8 43. Rxh7+ 1-0

[Event "Olympiad Women-37"]
[Site "Turin"]
[Date "2006.05.24"]
[Round "4"]
[White "Zapata, Karen"]
[Black "Calzetta Ruiz, Monica"]
[Result "0-1"]
[WhiteElo "2236"]
[BlackElo "2317"]
[PlyCount "151"]
[EventDate "2006.05.21"]
[EventType "team-swiss"]
[EventRounds "13"]
[EventCountry "ITA"]
[SourceTitle "CBM 112 Extra"]
[Source "ChessBase"]
[SourceDate "2006.07.14"]
[SourceVersion "1"]
[SourceVersionDate "2006.07.14"]
[SourceQuality "1"]
[WhiteTeam "Peru (W)"]
[BlackTeam "Spain (W)"]
[WhiteTeamCountry "PER"]
[BlackTeamCountry "ESP"]

1. e4 c5 2. Nc3 g6 3. f4 Bg7 4. Nf3 Nc6 5. g3 d6 6. Bg2 e6 7. 0-0 Nge7 8. d3 0-0 9. Be3 Nd4 10. Qd2 Nec6 11. Nd1 Nxf3+ 12. Bxf3 b6 13. Bg2 d5 14. f5 gxf5 15. exd5 exd5 16. Bh6 Be6 17. Bxg7 Kxg7 18. Ne3 Ne7 19. Qe2 Kh8 20. Qh5 Qd6 21. Rae1 Rae8 22. Bh3 d4 23. Nxf5 Nxf5 24. Bxf5 Bxf5 25. Qxf5 Re7 26. Re4 Rfe8 27. Rh4 Qg6 28. Qf4 Rg8 29. Rh6 Qg5 30. Rf6 Qxf4 31. R1xf4 Rg7 32. Kf2 Kg8 33. Rc6 Rg6 34. Rc8+ Kg7 35. b4 Rge6 36. bxc5 Re2+ 37. Kf3 R7e3+ 38. Kg4 Rxh2 39. cxb6 h5+ 40. Kf5 axb6 41. Rxd4 Rxg3 42. a4 Rg6 43. Rdd8 Rf2+ 44. Ke5 Re6+ 45. Kd5 h4 46. Rg8+ Kf6 47. Rh8 Rf4 48. c4 Rf5+ 49. Kd4 Kg5 50. Rh7 Rd6+ 51. Ke3 Kg4 52. Rg8+ Kh3 53. Ke4 Rf1 54. Rgh8 Re1+ 55. Kf5 Rd4 56. Rh6 Re3 57. Rxb6 Rexd3 58. Rc8 Ra3 59. c5 Rf3+ 60. Ke5 Rxa4 61. c6 Rc4 62. c7 Rfc3 63. Kd6 f5 64. Kd7 f4 65. Rf6 f3 66. Rf7 Kh2 67. Kd6 h3 68. Kd5 Kg2 69. Rg8+ Kf2 70. Rh7 Rxc7 71. Rxh3 Rd3+ 72. Ke4 Re3+ 73. Kd4 Rd7+ 74. Kc4 Ke2 75. Rgg3 Re4+ 76. Kc3 0-1

[Event "Olympiad Women-37"]
[Site "Turin"]
[Date "2006.05.22"]
[Round "2"]
[White "Reizniece Ozola, Dana"]
[Black "Zapata, Karen"]
[Result "1-0"]
[WhiteElo "2287"]
[BlackElo "2236"]
[PlyCount "101"]
[EventDate "2006.05.21"]
[EventType "team-swiss"]
[EventRounds "13"]
[EventCountry "ITA"]
[SourceTitle "CBM 112 Extra"]
[Source "ChessBase"]
[SourceDate "2006.07.14"]
[SourceVersion "1"]
[SourceVersionDate "2006.07.14"]
[SourceQuality "1"]
[WhiteTeam "Latvia (W)"]
[BlackTeam "Peru (W)"]
[WhiteTeamCountry "LAT"]
[BlackTeamCountry "PER"]

1. c4 e6 2. Nf3 Nf6 3. g3 b6 4. Bg2 Bb7 5. 0-0 Be7 6. d3 0-0 7. e4 d5 8. cxd5 exd5 9. e5 Nfd7 10. Nc3 d4 11. Nb5 Bxf3 12. Qxf3 c6 13. Qe2 Bc5 14. e6 fxe6 15. Qxe6+ Kh8 16. Bf4 a6 17. Nd6 Qf6 18. Qxf6 Nxf6 19. Ne4 Nd5 20. Bd2 Bb4 21. Rac1 Ra7 22. a3 Bxd2 23. Nxd2 Ne7 24. Rfe1 Rc7 25. Nf3 Nf5 26. g4 Nh6 27. Nxd4 Rd7 28. Re4 c5 29. Ne6 Rg8 30. d4 cxd4 31. Nxd4 Nf7 32. Nf5 g6 33. Ne3 Rgd8 34. Re6 b5 35. Rc2 Kg7 36. h4 Rd2 37. Rxd2 Rxd2 38. Bd5 Nd8 39. Rb6 Rxd5 40. Nxd5 Nbc6 41. Rxa6 Ne5 42. Ra7+ Ndf7 43. Nc3 Nxg4 44. Nxb5 Kf6 45. a4 Nfe5 46. a5 Nf3+ 47. Kf1 h5 48. a6 Nge5 49. Rc7 Nd2+ 50. Ke2 Ndc4 51. f4 1-0

[Event "Lima olm qual (Women)"]
[Site "Lima"]
[Date "2006.04.04"]
[Round "5"]
[White "Zapata, Talia"]
[Black "Zapata, Karen"]
[Result "0-1"]
[WhiteElo "2048"]
[BlackElo "2236"]
[PlyCount "76"]
[EventDate "2006.04.01"]
[EventType "tourn"]
[EventRounds "7"]
[EventCountry "PER"]
[SourceTitle "CBM 111 Extra"]
[Source "ChessBase"]
[SourceDate "2006.05.09"]
[SourceVersion "1"]
[SourceVersionDate "2006.05.09"]
[SourceQuality "1"]

1. c4 Nf6 2. d3 e6 3. Nf3 Bb4+ 4. Bd2 a5 5. Nc3 b6 6. g3 Bb7 7. Bg2 0-0 8. 0-0 h6 9. a3 Be7 10. Rb1 Nc6 11. Nb5 Na7 12. Nc3 d5 13. Nd4 Qc8 14. e4 dxc4 15. dxc4 Rd8 16. Nc2 Nc6 17. Qe2 Ne5 18. Rfd1 Ba6 19. b3 a4 20. Ne3 axb3 21. f4 Nc6 22. e5 Nd4 23. Qf1 Nd7 24. Bc1 Nc5 25. Nb5 Bxb5 26. cxb5 Ra5 27. Nc4 Ra7 28. Be3 Nxb5 29. Nxb6 cxb6 30. Qxb5 Rxa3 31. Kh1 Rxd1+ 32. Rxd1 b2 33. Bxc5 Ra1 34. Bf3 Rxd1+ 35. Bxd1 Qb7+ 36. Kg1 Bxc5+ 37. Kf1 Qh1+ 38. Ke2 Qe4+ 0-1

[Event "World-ch (Women) k.o."]
[Site "Ekaterinburg"]
[Date "2006.03.14"]
[Round "2.2"]
[White "Matveeva, Svetlana"]
[Black "Zapata, Karen"]
[Result "1/2-1/2"]
[WhiteElo "2428"]
[BlackElo "2218"]
[PlyCount "254"]
[EventDate "2006.03.11"]
[EventType "k.o."]
[EventRounds "6"]
[EventCountry "RUS"]
[SourceTitle "CBM 111 Extra"]
[Source "ChessBase"]
[SourceDate "2006.05.09"]
[SourceVersion "1"]
[SourceVersionDate "2006.05.09"]
[SourceQuality "1"]

1. d4 Nf6 2. c4 e6 3. Nc3 Bb4 4. Qc2 c5 5. dxc5 Bxc5 6. Nf3 a6 7. e3 Nc6 8. a3 d6 9. b4 Ba7 10. Bb2 Bd7 11. Rd1 Qe7 12. Ne4 Nxe4 13. Qxe4 0-0 14. Be2 Rac8 15. 0-0 Rfd8 16. Rd2 f5 17. Qb1 g5 18. Rfd1 Be8 19. Ba1 g4 20. Ne1 h5 21. Nd3 e5 22. c5 Bg6 23. Nf4 exf4 24. Rxd6 Rxd6 25. Rxd6 Kh7 26. Bf6 Qf7 27. Qd1 Rc7 28. exf4 b6 29. Bxa6 Nb8 30. cxb6 Bxb6 31. Bd8 Rd7 32. Bxb6 Rxd6 33. Qxd6 Nxa6 34. g3 Qe8 35. Be3 Nb8 36. a4 Bf7 37. a5 Qd7 38. Qxd7 Nxd7 39. a6 Bc4 40. a7 Bd5 41. Kf1 Kg7 42. Ke2 Kf7 43. Kd3 Ke6 44. b5 Kd6 45. Kc3 Kc7 46. Kb4 Nb6 47. Bd4 Kb7 48. Ka5 Nc4+ 49. Kb4 Nd2 50. Kc5 Be4 51. Kd6 Nf3 52. Bc5 Nxh2 53. Ke6 Nf3 54. Kf6 h4 55. gxh4 Nxh4 56. b6 Nf3 57. Be3 Ne1 58. Ke5 Ka8 59. Kd6 Ng2 60. Bd2 Kb7 61. Ke6 Nh4 62. Be3 Nf3 63. Kf6 Ne1 64. Kg5 Nd3 65. Bd4 Nb4 66. Kf6 Nd5+ 67. Kg5 Nb4 68. Kf6 Nc6 69. Be3 Na5 70. Ke6 Nc4 71. Bd4 Na5 72. Kf6 Nc6 73. Bc5 Na5 74. Bd4 Nc4 75. Ke6 Nd2 76. Kf6 Nf3 77. Be3 Ng1 78. Ke6 Ne2 79. Kf6 Nc3 80. Ke5 Nd5 81. Bc5 Ka8 82. Bd4 Nb4 83. Kf6 Kb7 84. Kg5 Nc2 85. Bc5 Ne1 86. Be3 Nf3+ 87. Kf6 Nh2 88. Bc5 Ka8 89. Ke6 Kb7 90. Be3 Bd3 91. Bc5 Nf1 92. Ke5 Nd2 93. Ke6 Ne4 94. Be3 Nc3 95. Ke5 Be4 96. Bd4 Nd5 97. Bc5 Ka8 98. Bd4 Kb7 99. Bc5 Nc3 100. Bd4 Ne2 101. Be3 g3 102. fxg3 Nxg3 103. Bf2 Ne2 104. Be3 Nc3 105. Bd4 Nd5 106. Bc5 Ka8 107. Bg1 Ne7 108. Kf6 Nc6 109. Bc5 Kb7 110. Ke6 Na5 111. Bg1 Nc4 112. Kf6 Nb2 113. Kg5 Nd3 114. Be3 Nb4 115. Bg1 Nd5 116. Bd4 Bd3 117. Bg1 Nc3 118. Bd4 Ne2 119. Be3 Ng3 120. Kf6 Be4 121. Kg6 Ne2 122. Kg5 Nc3 123. Bd4 Nd5 124. Bg1 Nxb6 125. Bxb6 Kxb6 126. a8Q Bxa8 127. Kxf5 Bd5 1/2-1/2

[Event "World-ch (Women) k.o."]
[Site "Ekaterinburg"]
[Date "2006.03.12"]
[Round "1.2"]
[White "Lagno, Kateryna"]
[Black "Zapata, Karen"]
[Result "0-1"]
[WhiteElo "2500"]
[BlackElo "2218"]
[PlyCount "110"]
[EventDate "2006.03.11"]
[EventType "k.o."]
[EventRounds "6"]
[EventCountry "RUS"]
[SourceTitle "CBM 111 Extra"]
[Source "ChessBase"]
[SourceDate "2006.05.09"]
[SourceVersion "1"]
[SourceVersionDate "2006.05.09"]
[SourceQuality "1"]

1. e4 c5 2. Nf3 Nc6 3. d4 cxd4 4. Nxd4 Nf6 5. Nc3 e5 6. Ndb5 d6 7. Bg5 a6 8. Na3 b5 9. Nd5 Be7 10. Bxf6 Bxf6 11. c4 b4 12. Nc2 Rb8 13. b3 Bg5 14. g3 0-0 15. h4 Bh6 16. Bh3 Be6 17. Qh5 a5 18. Bf5 Ne7 19. Nxe7+ Qxe7 20. Ne3 Rfd8 21. g4 Qb7 22. Nd5 Bxf5 23. Qxf5 g6 24. Qf3 Bg7 25. g5 Rf8 26. h5 f5 27. gxf6 Bxf6 28. Qg4 Qf7 29. Ke2 Bd8 30. f3 g5 31. h6 Kh8 32. Ne3 Rg8 33. Nf5 Rg6 34. Rhd1 Be7 35. Rd5 a4 36. Ra5 Bf8 37. Qh3 a3 38. Rd1 Qg8 39. Qg4 Qe6 40. Rad5 Rb6 41. Qg3 Rc6 42. R1d3 Qf6 43. Rb5 Rc8 44. Rb6 Qd8 45. Rxb4 g4 46. fxg4 Qg5 47. Ra4 Qc1 48. Qe3 Qb1 49. Rd2 Rxg4 50. Kf3 Rf4+ 51. Kg3 Rxe4 52. Qd3 Qe1+ 53. Kh2 Bxh6 54. Nxh6 Rh4+ 55. Kg2 Rxh6 0-1